|
|
|
|
| LEADER |
00000nam1a2200000 4500 |
| 001 |
270436 |
| 005 |
20231031224952.0 |
| 035 |
|
|
|a (RuTPU)RU\TPU\book\293617
|
| 090 |
|
|
|a 270436
|
| 100 |
|
|
|a 20140927d1983 k y0rusy50 ca
|
| 101 |
0 |
|
|a rus
|
| 102 |
|
|
|a RU
|
| 200 |
1 |
|
|a Радиоэлектроника (состояние и тенденции развития)
|e обзор по материалам иностранной печати
|f Научно-исследовательский институт экономики и информации по радиоэлектронике (НИИЭИР)
|
| 210 |
|
|
|a Москва
|c Изд-во НИИЭИР
|d 1983-1985
|
| 712 |
0 |
2 |
|a Научно-исследовательский институт экономики и информации по радиоэлектронике (НИИЭИР)
|2 stltpush
|3 (RuTPU)RU\TPU\col\21332
|
| 801 |
|
1 |
|a RU
|b 63413507
|c 20140927
|
| 801 |
|
2 |
|a RU
|b 63413507
|c 20160204
|g RCR
|
| 942 |
|
|
|c BK
|